Technique rurales en afrique (notice nᵒ 33646)
[ vue normale ]
| 000 -LEADER | |
|---|---|
| fixed length control field | 00476nam a22001697a 4500 |
| 005 - DATE AND TIME OF LATEST TRANSACTION | |
| control field | 20210926155151.0 |
| 037 ## - SOURCE D'ACQUISITION | |
| Cote | BC_338 46 |
| 040 ## - SOURCE DU CATALOGAGE | |
| Origine cataloguage | BC-ENSA |
| Langue du catalogage | fre |
| 041 ## - CODE DE LANGUE | |
| Langue | Français |
| 110 ## - AUTEUR MORAL | |
| Nom de collectivité | Comité inter-africain d’études hydraulique |
| 245 ## - MENTION DU TITRE | |
| Titre | Technique rurales en afrique |
| Volume | Vol. 8 |
| Titre partie | les petits barrages en terre |
| 260 ## - PUBLICATION, DIFFUSION, ETC. (ADRESSE BIBLIOGRAPHIQUE) | |
| Lieu d'édition | France |
| Nom de l'éditeur | SOGETHA |
| Année d'édition | 1968 |
| 300 ## - DESCRIPTION MATÉRIELLE | |
| Nombre de pages | 170 p. |
| Illustration | ill. |
| Format | 27 cm |
| 562 ## - NOTE D'IDENTIFICATION DES EXEMPLAIRES ET VERSIONS | |
| Numbre d' exemplaire | 2 exemplaire(s) |
| 942 ## - ADDED ENTRY ELEMENTS (KOHA) | |
| Type document | Ouvrage |
| 653 ## - DESCRIPTEUR LIBRE | |
| Mots clés libres | CLIMAT/HYDROLOGIE/SOL/AFRIQUE |
| statut de retrait | Statut | emplacement permanent | Localisation actuelle | Cote | code à barre | Koha type d'élément |
|---|---|---|---|---|---|---|
| Bibliothèque Centrale | Bibliothèque Centrale | BC_338 46/A | BC_338 46/A | Ouvrage | ||
| Bibliothèque Centrale | Bibliothèque Centrale | BC_338 46/B | BC_338 46/B | Ouvrage |